000
00334nam a2200145Ia 4500
003
OSt
005
20231218061903.0
008
170524s9999 xx 000 0 und d
020
_a
9788173918520
040
_c
IIMT UNIVERSITY
100
_a
RAO- N.V.
245
0
_a
MASS COMMUNICATION
260
_b
NEW DELHI: KANISHKA
942
_2
ddc
_c
01
999
_c
9373
_d
9373